000 00282nam a2200121Ia 4500
003 OSt
008 201106b ||||| |||| 00| 0 eng d
100 _aWAYNE MONDY, R.
245 _aHuman Resource Management
260 _aN. Delhi
_bPearson
_c 2011
300 _a436
942 _2ddc
_cBK
999 _c5605
_d5605